000 00789nam a22002297a 4500
999 _c16368
_d16368
003 AR-CdUCM
008 190503b ||||| |||| 00| 0 spa d
040 _aMUNICIPALIDAD PROVINCIAL DEL CUSCO
_cBIBLIOTECA MUNICIPAL DEL CUSCO
082 _a189 /
_bJ31
100 _aJeauneau, Edouard
_935773
245 _aLa filosofía medieval /
260 _a Buenos Aires :
_bUniversitaria,
_c1963.
300 _a98 páginas ;
_c20 cm.
440 _aCuadernos de eudeba
_n137
_935774
505 _aContenido : Fuentes doctrinales y contexto sociológico -- Del siglo IX al siglo XI -- El siglo XII ...
650 _aFilosofía
_9395
650 _aMedieval
_95877
650 _aSiglo XX
_98
700 _aMíguez, Néstor A (Traducción)
_935775
942 _2ddc
_cLIBROS
945 _arah
_d03/05/2019